| 000 | 00743nam a22002057a 4500 | ||
|---|---|---|---|
| 999 |
_c7798 _d7798 |
||
| 003 | AR-CdUCM | ||
| 008 | 190321b ||||| |||| 00| 0 esp d | ||
| 040 |
_aMUNICIPALIDAD PROVINCIAL DEL CUSCO _cBIBLIOTECA MUNICIPAL DEL CUSCO |
||
| 082 |
_a301.435 / _bP17 |
||
| 100 |
_aPaillat, Paul _922042 |
||
| 245 |
_aSociología de la vejez / _cPaul, Paillat |
||
| 260 |
_aBarcelona : _bOikos-Tau, _c1971. |
||
| 300 |
_a123 paginas ; _c17 cm. |
||
| 440 |
_aColección ¿qué se? _9103 |
||
| 505 | _aDatos demográficos del envejecimiento -- Medios y modos de existencia -- Retiros y pensiones -- Actividad profesional -- La protección social. | ||
| 650 |
_aLa ancianidad, _922043 |
||
| 650 |
_aLa vejez _922044 |
||
| 942 |
_2ddc _cLIBROS |
||
| 945 | _aacrt | ||